Svět jakosti

Salvato in:
Dettagli Bibliografici
Natura: Periodico
Lingua:ceco
Pubblicazione: České Budějovice Bartoň QSV 1999
Soggetti:
Tags: Aggiungi Tag
Nessun Tag, puoi essere il primo ad aggiungerne!!

MARC

LEADER 00000nas2a2200000 4500
001 s123875
005 20231103122528.3
022 |a 1211-2011 
041 0 |a cze 
044 |a CZ 
245 1 0 |a Svět jakosti 
264 1 |a České Budějovice  |b Bartoň QSV  |c 1999 
300 |a 1 zv.  |e 1 príl. 
773 0 |w eu_un_cat*s120029 
610 2 0 |a kvalita 
610 2 0 |a riadenie kvality